| 000 | 00762nam a2200229 a 4500 | ||
|---|---|---|---|
| 003 | PILC | ||
| 005 | 20150112093428.0 | ||
| 008 | 100713s19uu xx 00 eng d | ||
| 020 | _a9789812405821 | ||
| 050 |
_aT 57.6 _b.Sh545 2001 |
||
| 082 |
_aCSF 005.12 _bSh3 2001 |
||
| 100 |
_aShelly, Gary B. _95775 |
||
| 245 |
_aSystem analysis and design / _cGary B. Shelly, Thomas J. Cashman, Harry J. Rosenblatt. |
||
| 250 | _a4th ed. | ||
| 260 |
_aSingapore : _bThomson Learning Asia, _c2001. |
||
| 300 |
_a12.31 pages : _billustration ; _c26 cm. |
||
| 500 | _aIncludes index. | ||
| 650 |
_aSystem analysis _xSystem development _xComputer-system management _95776 |
||
| 700 |
_aCashman, Thomas J. _95777 |
||
| 700 |
_aRosenblatt, Harry J. _95778 |
||
| 942 |
_2lcc _cBK |
||
| 999 |
_c14259 _d14259 |
||